| 000 | 00943nam a22001817a 4500 | ||
|---|---|---|---|
| 999 |
_c63389 _d63389 |
||
| 003 | Ge_BSU | ||
| 005 | 20250929145407.0 | ||
| 008 | 250929s1964 ge ||||| |||| 00| 0 geo d | ||
| 041 | _ageo | ||
| 080 | _a631.174(479.22) :338.43 დ-17 | ||
| 100 |
_aდალაქიშვილი, გიორგი _925899 |
||
| 245 |
_aუხვია შენი ხელი, ქიმიავ : _b[სას.-სამ. წარმოების ინტენსიფიკაციისათვის] / _cგიორგი დალაქიშვილი. |
||
| 264 |
_aთბილისი : _bსაბჭ. საქართველო, _c1964. |
||
| 300 |
_a44 გვ. : _b ილ. ; _c20 სმ. |
||
| 653 | _aსოფლის მეურნეობის ინტენსიფიკაცია. | ||
| 653 | _aსოფლის მეურნეობის ქიმიზაცია | ||
| 942 |
_2udc _cᲬᲘᲒᲜᲘ |
||